00575nam a2200181Ia 4500001001000000003000500010008004100015010001100056040000900067082001400076100003300090245011700123260005700240300001100297650002500308650002400333710003600357Para_9219CHAP220125s2002 xx 000 0 und d a207958 cCHAP a634.11 G6 aGómez Gómez, Alma Alicia aEl abasto de manzana y lechuga en los autoservicios de la ciudad de México /c por Alma Alicia Gómez Gómez aChapingo, Méx. :b Universidad Autónoma Chapingo a214 p. aLechuga x mercadeo  aManzana x mercadeo2 aUniversidad Autónoma Chapingo